000 00747nam a2200277 a 4500
999 _c8783
_d8783
001 8783
003 BD - JhCC
005 20180714182119.0
008 180714s1957 enk 000 0 eng d
035 _a(BD-JhCC)8783
040 _aBD-JhCC
_dBD-JhCC
041 _aeng
082 _bDEN 1987
_a540
100 _aSienko, Michell J.
245 1 0 _aChemistry /
_cMichell J. Sienko and Robert A. Plane
260 _aPan Books :
_bLondon,
_c1957
300 _a623 p. :
_bill. ;
_c25 cm
490 1 _aPan study aids
500 _aCover title: GCSE chemistry
500 _aA Pan original
650 0 _aChemistry
_vExaminations, questions, etc.
700 _a Plane, Robert A.
830 0 _aPan study aids
942 _2ddc
_cBK